1272 1742 1247 1669 1834 1045 1897 1760 1967 1588 1820 1094 1679 1960 1198 1027 1895 1404 1820 1132 1534 1401 1761 1776 1339 1758 1655 1265 1906 1942 1093 1575 1738 1130 1051 1209 1441 1016 1772 1928 1155 1270 1537 1143 1760 1547 1054 1843 1100 1349 1236 1738 1169 1878 1546 1051 1491 1512 1858 1471 1741 1472 1140 1588 1287 1392 1495 1199 1884 1605 1883 1131 1979 1402 1298 1454 1891 1835 1240 1271 1359 1050 1794 1518 1328 1107 1779 1585 1881 1595 1860 1219 1976 1782 1477 1743 1718 1689 1044 BCNSPRNW ULIB Ver.6.0+V

เปลี่ยนเป็นภาษาไทย

Change to English
 แสดงรายละเอียดบรรณานุกรม
  กลับหน้าหลัก

Brief Record : Get Marc (ISO 2709) : E-mail record : QR code < ปิดหน้าต่าง
LEADER : 00000nam 2200000uu 4500
001    13399112230
003     ULIB
008    110801s2550||||th 000 0 tha d
020    9789743414886
040    cl
050  4 HD66^bว551ว 2550
100 0  วิจิตรวาทการ,^cพลตรี หลวง,^d2441-2505
245 10 วิธีทำงานและสร้างอนาคต /^cพลตรี หลวงวิจิตรวาทการ
250    พิมพ์ครั้งที่ 4
260    กรุงเทพฯ :^bสร้างสรรค์บุ๊คส์,^c2550
300    (29), 212 หน้า ;^c20 ซม.
650  4 การทำงาน
650  4 ความสำเร็จ
945    ^p165^l0^i012853
945    ^p165^l0^i012854
945    ^p165^l0^i027162
945    ^p165^l0^i027163
995    ทศพร
999 ^a ทศพร
รายการนี้ยังไม่มีแท็ก
คุณยังไม่ได้ล็อกอิน คุณสามารถมีกิจกรรมร่วมกับเว็บไซต์ได้ แต่ต้องล็อกอินก่อน ::
  ล็อกอิน

รายการสื่อสารสนเทศ

ลำดับที่ ประเภท เลขเรียก/บาร์โค้ด สถานที่ สถานะ
1. การศึกษาทั่วไป
การศึกษาทั่วไป
HD66 ว551ว 2550 ฉ.3 
  Barcode: 027162
ห้องสมุดวิทยาเขตนครสวรรค์
►หนังสือทั่วไป:l:General Books
บนชั้น
2. การศึกษาทั่วไป
การศึกษาทั่วไป
HD66 ว551ว 2550 ฉ.4 
  Barcode: 027163
ห้องสมุดวิทยาเขตนครสวรรค์
►หนังสือทั่วไป:l:General Books
บนชั้น

รายการใกล้เคียง
    หัวเรื่อง [การทำงาน]
    หัวเรื่อง [ความสำเร็จ]

BibComment


ยังไม่เคยถูกคอมเมนท์

คอมเมนท์ทรัพยากรรายการนี้
  คอมเมนท์: วิธีทำงานและสร้าง..


 Copyright 2026. Bcnsprnw @Library